Systémy regionálního značení potravin v České republice
Systém značenia potravinárskych produktov v Českej republike. Regionálne značenie výrobkov. Značka Regionální potravina. Podpora lokálnej výroby a spotreby. Národná značka kvalitných potravín - Klas A.
Gespeichert in:
| 1. Verfasser: | |
|---|---|
| Weitere Verfasser: | |
| Format: | Buchkapitel |
| Sprache: | Tschechisch |
| Schlagworte: | |
| Tags: |
Keine Tags, Fügen Sie das erste Tag hinzu!
|
MARC
| LEADER | 00000nla a2200000 4500 | ||
|---|---|---|---|
| 001 | 0192339 | ||
| 005 | 20240417075048.5 | ||
| 041 | 0 | |a cze | |
| 044 | |a SK | ||
| 245 | 1 | 0 | |a Systémy regionálního značení potravin v České republice |c Stanislav Rojík, Pavlína Fulnečková |
| 520 | |a Systém značenia potravinárskych produktov v Českej republike. Regionálne značenie výrobkov. Značka Regionální potravina. Podpora lokálnej výroby a spotreby. Národná značka kvalitných potravín - Klas A. | ||
| 610 | 2 | 0 | |a značky výrobkov |
| 610 | 2 | 0 | |a značky kvality |
| 610 | 2 | 0 | |a potraviny |
| 610 | 2 | 0 | |a certifikáty |
| 610 | 2 | 0 | |a regióny |
| 610 | 2 | 0 | |a výrobcovia |
| 610 | 2 | 0 | |a spotrebitelia |
| 610 | 2 | 0 | |a Česko |
| 100 | 1 | |a Rojík, Stanislav | |
| 700 | 1 | |a Fulnečková, Pavlína | |